<?xml version="1.0" encoding="UTF-8"?>
<record
    xmlns:xsi="http://www.w3.org/2001/XMLSchema-instance"
    xsi:schemaLocation="http://www.loc.gov/MARC21/slim http://www.loc.gov/standards/marcxml/schema/MARC21slim.xsd"
    xmlns="http://www.loc.gov/MARC21/slim">

  <leader>00864nam a2200217 i 4500</leader>
  <controlfield tag="001">56016</controlfield>
  <controlfield tag="003">ES-MaACL</controlfield>
  <controlfield tag="005">20250826050340.0</controlfield>
  <controlfield tag="007">t|</controlfield>
  <controlfield tag="008">031001m19751977sp           ||||1| spa d</controlfield>
  <datafield tag="100" ind1="0" ind2=" ">
    <subfield code="a">D&#xED;az de Noriega y Pubul, Jos&#xE9;.</subfield>
    <subfield code="9">44244</subfield>
  </datafield>
  <datafield tag="245" ind1="1" ind2="3">
    <subfield code="a">La Blanca de la Carne en Sevilla / </subfield>
    <subfield code="c">Jos&#xE9; D&#xED;az de Noriega y Pubul ; presentaci&#xF3;n, F&#xE9;lix Moreno de la Cova ; pr&#xF3;logo, Jos&#xE9; Antonio de Sangr&#xF3;niz, Marqu&#xE9;s de Derio.</subfield>
  </datafield>
  <datafield tag="260" ind1=" " ind2=" ">
    <subfield code="a">Madrid : </subfield>
    <subfield code="b">Hidalgu&#xED;a, Instituto Salazar y Castro, </subfield>
    <subfield code="c">1975-77.</subfield>
  </datafield>
  <datafield tag="300" ind1=" " ind2=" ">
    <subfield code="a">4 v. ; </subfield>
    <subfield code="c">25 cm.</subfield>
  </datafield>
  <datafield tag="650" ind1=" " ind2="7">
    <subfield code="a">Impuestos-</subfield>
    <subfield code="z">Sevilla</subfield>
    <subfield code="2"></subfield>
    <subfield code="9">157550</subfield>
  </datafield>
  <datafield tag="650" ind1=" " ind2="4">
    <subfield code="a">Nobleza-</subfield>
    <subfield code="z">Sevilla-</subfield>
    <subfield code="v">Historia.</subfield>
    <subfield code="9">157551</subfield>
  </datafield>
  <datafield tag="700" ind1="1" ind2=" ">
    <subfield code="a">Moreno de la Cova, F&#xE9;lix.</subfield>
    <subfield code="9">83356</subfield>
  </datafield>
  <datafield tag="700" ind1="1" ind2=" ">
    <subfield code="a">Desio, Jos&#xE9; Antonio de Sangroniz y Castro, Marqu&#xE9;s de,</subfield>
    <subfield code="d">1899-1980</subfield>
    <subfield code="9">103145</subfield>
  </datafield>
  <datafield tag="852" ind1=" " ind2=" ">
    <subfield code="a">ES-MaACL</subfield>
    <subfield code="j">L-10379-82 </subfield>
    <subfield code="b">R.110984</subfield>
  </datafield>
  <datafield tag="999" ind1=" " ind2=" ">
    <subfield code="c">56016</subfield>
    <subfield code="d">56016</subfield>
  </datafield>
  <datafield tag="952" ind1=" " ind2=" ">
    <subfield code="0">0</subfield>
    <subfield code="1">0</subfield>
    <subfield code="4">0</subfield>
    <subfield code="7">0</subfield>
    <subfield code="a">ATENEOM</subfield>
    <subfield code="b">ATENEOM</subfield>
    <subfield code="c">DEPO2</subfield>
    <subfield code="d">2008-01-17</subfield>
    <subfield code="e">SC</subfield>
    <subfield code="l">0</subfield>
    <subfield code="o">L-10379-82</subfield>
    <subfield code="p">1058840</subfield>
    <subfield code="r">2023-02-23 00:00:00</subfield>
    <subfield code="w">2023-02-23</subfield>
    <subfield code="y">MONOGRAFIA</subfield>
  </datafield>
</record>
